[Event "Asia-ch U20"]
[Site "Sri Lanka"]
[Date "2009.07.07"]
[Round "9"]
[White "Danushka, MAN"]
[Black "Vithanage, Tharindu"]
[Result "0-1"]
[WhiteElo "1968"]
[BlackElo "1706"]
[PlyCount "55"]
[EventDate "2009.07.02"]
[EventType "swiss"]
[EventRounds "9"]
[EventCountry "SRI"]
[SourceTitle "EXT 2010"]
[Source "ChessBase"]
[SourceDate "2010.11.25"]
[SourceVersion "1"]
[SourceVersionDate "2010.11.25"]
[SourceQuality "1"]

1. e4 e5 2. Nf3 Nc6 3. Bc4 Bc5 4. b4 Bxb4 5. c3 Be7 6. d4 exd4 7. 0-0 d6 8. cxd4 Nf6 9. Re1 0-0 10. Bb2 Bg4 11. Nbd2 Re8 12. a4 d5 13. exd5 Nxd5 14. a5 Rb8 15. Qb3 Be6 16. Ne5 Bb4 17. Qc2 Nxa5 18. Bd3 Bxd2 19. Qxd2 Nb3 20. Bxh7+ Kh8 21. Qd3 Nxa1 22. Re4 Qg5 23. Rg4 Qf6 24. Rg3 Nf4 25. Qd1 Kxh7 26. d5 Bxd5 27. Bxa1 Rxe5 28. h3 0-1

[Event "Asia-ch U20"]
[Site "Sri Lanka"]
[Date "2009.07.03"]
[Round "3"]
[White "Vithanage, Tharindu"]
[Black "Mohammad, Minhaz Uddin"]
[Result "0-1"]
[WhiteElo "1706"]
[BlackElo "2391"]
[PlyCount "66"]
[EventDate "2009.07.02"]
[EventType "swiss"]
[EventRounds "9"]
[EventCountry "SRI"]
[SourceTitle "EXT 2010"]
[Source "ChessBase"]
[SourceDate "2010.11.25"]
[SourceVersion "1"]
[SourceVersionDate "2010.11.25"]
[SourceQuality "1"]

1. d4 d5 2. c4 c6 3. Nc3 Nf6 4. Bg5 Ne4 5. Nxe4 dxe4 6. Bf4 Nd7 7. e3 e5 8. dxe5 Qa5+ 9. Ke2 Nc5 10. Qd2 Qa6 11. b3 Nxb3 12. axb3 Qxa1 13. f3 Bf5 14. fxe4 Bg4+ 15. Nf3 Rd8 16. Qc2 Bb4 17. Kf2 Bxf3 18. Kxf3 Rd2 19. Qxd2 Bxd2 20. g3 Qd1+ 21. Kg2 Qxb3 22. Be2 Qc2 23. Kf3 h6 24. Ra1 g5 25. Rxa7 0-0 26. Rxb7 gxf4 27. gxf4 Qc3 28. Kg2 Qxe3 29. Bf3 Kh8 30. h3 Rg8+ 31. Bg4 Qe2+ 32. Kh1 Qf1+ 33. Kh2 Bxf4# 0-1